Biblioteca

El mundo religioso de los aztecas (Registro nro. 51763)

Detalles MARC
000 -LÍDER
Campo fijo de descripción fija 00614aab a2200181 i 4500
001 - NÚMERO DE CONTROL
Campo de control 768714001
003 - IDENTIFICADOR DEL NÚMERO DE CONTROL
Campo de control CO-MdFUSB
005 - FECHA Y HORA DE LA ULTIMA TRANSACCIÓN
control field 20250729172125.0
008 - ELEMENTOS DE LONGITUD FIJA -- INFORMACIÓN GENERAL
Campo fijo de descripción fija -- Información general 250729t1988 ag ||||| |||| 00| 0 spa d
040 ## - FUENTE DE CATALOGACIÓN
Idioma de catalogación spa
Agencia que realiza la transcripción CO-MdFUSB
100 1# - ASIENTO PRINCIPAL--NOMBRE PERSONAL
Nombre personal Deiros, Pablo A. (Alberto) (1945-)
Término relacionador autor
245 13 - TÍTULO
Título El mundo religioso de los aztecas
Mención de responsabilidad / Pablo A. Deiros
300 ## - DESCRIPCIÓN FÍSICA
Extensión Volumen 7, número 2 (junio, 1988), páginas: 22-25
Dimensiones ; 27 cm
650 ## - ASIENTO SECUNDARIO DE MATERIA - TERMINO TEMÁTICO
Subdivisión de forma Religión y cultura
773 0# - ASIENTO DE ITEM FUENTE
Título Iglesia y Misión
Biblionumber 49402
Itemnumber 59672
Parte(s) relacionada(s) / Volumen., número. (mes año), páginas Volumen 7, número 2 (junio, 1988), páginas: 22-25
Enumeración y primera página páginas: 22-
942 ## - TIPO DE MATERIAL (KOHA)
Tipo de Item KOHA Artículos de Revista
945 ## - INFORMACIÓN LOCAL DEL REGISTRO
Catalogador JTF-925

No hay ítems disponibles.

Biblioteca FUSBC | Teléfono: (57+4) 349 88 10 Ext. 141| WhatsApp (+57) 3005338115 
E-mail: biblioteca@unisbc.edu.co | Calle 76 87-14 Robledo Palenque, Medellín, Colombia

Con tecnología Koha